| 000 | 01369nam a22003374a 4500 | ||
|---|---|---|---|
| 001 | ebr10061205 | ||
| 003 | CaPaEBR | ||
| 006 | m u | ||
| 007 | cr cn||||||||| | ||
| 008 | 021127s2003 maua sb 001 0 eng | ||
| 010 | _z 2002154762 | ||
| 020 | _z1584502517 | ||
| 040 |
_aCaPaEBR _cCaPaEBR |
||
| 035 | _a(OCoLC)70741018 | ||
| 050 | 1 | 4 |
_aTK5105.59 _b.C73 2003eb |
| 082 | 0 | 4 |
_a005.8 _221 |
| 100 | 1 | _aCrayton, Christopher A. | |
| 245 | 1 | 0 |
_aSecurity+ exam guide _h[electronic resource] / _cChristopher A. Crayton. |
| 260 |
_aHingham, Mass. : _bCharles River Media, _cc2003. |
||
| 300 |
_axiii, 416 p. : _bill. |
||
| 490 | 1 | _aTestTaker's guide series | |
| 504 | _aIncludes bibliographical references and index. | ||
| 533 |
_aElectronic reproduction. _bPalo Alto, Calif. : _cebrary, _d2013. _nAvailable via World Wide Web. _nAccess may be limited to ebrary affiliated libraries. |
||
| 650 | 0 |
_aComputer networks _xSecurity measures _xExaminations _vStudy guides. |
|
| 650 | 0 |
_aComputer networks _xSecurity measures _vExaminations, questions, etc. |
|
| 650 | 0 |
_aTelecommunications engineers _xCertification. |
|
| 655 | 7 |
_aElectronic books. _2local |
|
| 710 | 2 | _aebrary, Inc. | |
| 830 | 0 | _aTestTaker's guide series. | |
| 856 | 4 | 0 |
_uhttp://site.ebrary.com/lib/rucke/Doc?id=10061205 _zAn electronic book accessible through the World Wide Web; click to view |
| 999 |
_c46757 _d46757 |
||